| 000 | 00727cab a2200253 4500 | ||
|---|---|---|---|
| 001 | A570 | ||
| 008 | 090401t1991 xxu||||| |||| 00| 0 eng d | ||
| 035 | _a(Sirsi) u29921 | ||
| 041 | _aeng | ||
| 100 | _aPoole, A.L. | ||
| 245 | _aRoof slates and tiles - the cheaper alternatives to the `real thing` | ||
| 260 | _c1991 | ||
| 350 | _a0 | ||
| 490 |
_aStructural Survey _v10(2) October 1991, 123-126(4) |
||
| 650 | _aALTERNATIVES | ||
| 650 | _aLIFE EXPECTANCY | ||
| 650 | _aROOFING SLATES | ||
| 650 | _aROOFING TILES | ||
| 650 | _aBUILT ENVIRONMENT-BUILDING ELEMENTS-COMPLETE BUILDING ELEMENTS-ROOFS | ||
| 650 | _aSUBSTITUTES | ||
| 690 | _aBUILT ENVIRONMENT-BUILDING MATERIALS | ||
| 942 | _n0 | ||
| 948 | _c04/03/1997 | ||
| 999 |
_c20127 _d20127 |
||